Výhody otevřeného bankovnictví mohou využívat i nebankovní instituce

Európska smernica PSD 2 o otvorenom bankovníctve. Prístup k otvoreným bankovým dátam a výhody PSD 2 ako rýchlejšie overovanie bonity a úveruschopnosti klienta. Pokročilá kategorizácia dát pomocou umelej inteligencie. Prínos služieb využívajúce možnosti prepojenia transakčných dát.

Gespeichert in:
Bibliographische Detailangaben
1. Verfasser: Kuneš, Petr
Format: Buchkapitel
Sprache:Tschechisch
Schlagworte:
Tags: Tag hinzufügen
Keine Tags, Fügen Sie das erste Tag hinzu!

MARC

LEADER 00000naa a2200000 4500
001 0273258
005 20210427120552.1
041 0 |a cze 
044 |a CZ 
245 1 0 |a Výhody otevřeného bankovnictví mohou využívat i nebankovní instituce  |c Petr Kuneš 
520 |a Európska smernica PSD 2 o otvorenom bankovníctve. Prístup k otvoreným bankovým dátam a výhody PSD 2 ako rýchlejšie overovanie bonity a úveruschopnosti klienta. Pokročilá kategorizácia dát pomocou umelej inteligencie. Prínos služieb využívajúce možnosti prepojenia transakčných dát. 
610 2 0 |a banky 
610 2 0 |a dáta 
610 2 0 |a služby bankové 
610 2 0 |a bankovníctvo 
610 2 0 |a smernice 
610 2 0 |a služby finančné 
100 1 |a Kuneš, Petr